Bernard Herencia, Les Éphémérides du citoyen et les Nouvelles Éphémérides économiques 1765-1788. Documents et tables complètes, préf. Philippe Steiner, Ferney-Voltaire, Centre international d’étude du 18e siècle, coll. « Publications du Centre d’étude du 18e siècle », 2014, XXXII-419 p. (notice n° 1635069)
[ vue normale ]
| 000 -LEADER | |
|---|---|
| fixed length control field | 00742cam a2200145 4500500 |
| 005 - DATE AND TIME OF LATEST TRANSACTION | |
| control field | 20260111141918.0 |
| 041 ## - LANGUAGE CODE | |
| Language code of text/sound track or separate title | fre |
| 042 ## - AUTHENTICATION CODE | |
| Authentication code | dc |
| 100 10 - MAIN ENTRY--PERSONAL NAME | |
| Personal name | Moureau, François |
| Relator term | author |
| 245 00 - TITLE STATEMENT | |
| Title | Bernard Herencia, Les Éphémérides du citoyen et les Nouvelles Éphémérides économiques 1765-1788. Documents et tables complètes, préf. Philippe Steiner, Ferney-Voltaire, Centre international d’étude du 18e siècle, coll. « Publications du Centre d’étude du 18e siècle », 2014, XXXII-419 p. |
| 260 ## - PUBLICATION, DISTRIBUTION, ETC. | |
| Date of publication, distribution, etc. | 2015.<br/> |
| 500 ## - GENERAL NOTE | |
| General note | 52 |
| 786 0# - DATA SOURCE ENTRY | |
| Note | Dix-huitième siècle | 47 | 1 | 2015-06-17 | p. XLIV-XLIV | 0070-6760 |
| 856 41 - ELECTRONIC LOCATION AND ACCESS | |
| Uniform Resource Identifier | <a href="https://shs.cairn.info/revue-dix-huitieme-siecle-2015-1-page-XLIV?lang=fr&redirect-ssocas=7080">https://shs.cairn.info/revue-dix-huitieme-siecle-2015-1-page-XLIV?lang=fr&redirect-ssocas=7080</a> |
Pas d'exemplaire disponible.




Réseaux sociaux